000 00261nam a2200109Ia 4500
008 200302s9999 xx 000 0 und d
100 _aArthur W. Johnson
245 _aManual of Book Binding
260 _bThames and Hudson Ltd.
260 _c1978
300 _a224 P.,
999 _c346
_d346